Kliknij aby-przetłumaczyć arabski - Statystyki

Ogólne statystyki
  • Ten quiz został rozwiązany 84 razy
  • Średni wynik to 3 z 15
Statystyki odpowiedzi
Hint Odpowiedź % Poprawnych
Dzień dobry صباح الخير
32%
Jetpunk جيت بانك
21%
Gry ألعاب
21%
Owca غنم
20%
Przyjaciel صديق
20%
Polska بولندا
18%
Ludzie الناس
18%
Hiszpania إسبانيا
16%
Motor محرك
14%
Dom منزل
14%
Koty القطط
14%
Krzesło كرسي
13%
Wielkanoc عيد الفصح
13%
Serce قلب
13%
Pismo كتابة
9%
Nie znaleziono quizów pasujących do podanych kryteriów
Rozkład punktacji
Procent ludzi z każdym wynikiem
Percentyl według liczby udzielonych odpowiedzi
Twoja historia wyników
Nie rozwiązałeś tego quizu